<?xml version="1.0" encoding="UTF-8"?>
<record
    xmlns:xsi="http://www.w3.org/2001/XMLSchema-instance"
    xsi:schemaLocation="http://www.loc.gov/MARC21/slim http://www.loc.gov/standards/marcxml/schema/MARC21slim.xsd"
    xmlns="http://www.loc.gov/MARC21/slim">

  <leader>00797nam a22002177a 4500</leader>
  <controlfield tag="003">SEM</controlfield>
  <controlfield tag="005">20240627164646.0</controlfield>
  <controlfield tag="008">240417m1991    ru ||||gr||||||01 1|rus|d</controlfield>
  <datafield tag="020" ind1=" " ind2=" ">
    <subfield code="a">5-362-00818-8</subfield>
  </datafield>
  <datafield tag="040" ind1=" " ind2=" ">
    <subfield code="a">SEM</subfield>
    <subfield code="c">SEM</subfield>
  </datafield>
  <datafield tag="041" ind1=" " ind2=" ">
    <subfield code="a">rus</subfield>
  </datafield>
  <datafield tag="082" ind1=" " ind2=" ">
    <subfield code="a">228/&#x411;-90</subfield>
  </datafield>
  <datafield tag="100" ind1=" " ind2=" ">
    <subfield code="a"> &#x411;&#x443;&#x43B;&#x433;&#x430;&#x43A;&#x43E;&#x432; , &#x421;&#x435;&#x440;&#x433;&#x438;&#x439;</subfield>
    <subfield code="d">(1871-1944)</subfield>
    <subfield code="c">&#x41F;&#x440;&#x43E;&#x442;.</subfield>
  </datafield>
  <datafield tag="245" ind1=" " ind2=" ">
    <subfield code="a">&#x410;&#x43F;&#x43E;&#x43A;&#x430;&#x43B;&#x438;&#x43F;&#x441;&#x438;&#x441; &#x418;&#x43E;&#x430;&#x43D;&#x43D;&#x430; &#x589; </subfield>
    <subfield code="b">(&#x41E;&#x43F;&#x44B;&#x442; &#x434;&#x43E;&#x433;&#x43C;&#x430;&#x442;&#x438;&#x447;&#x435;&#x441;&#x43A;&#x43E;&#x433;&#x43E; &#x438;&#x441;&#x442;&#x43E;&#x43B;&#x43A;&#x43E;&#x432;&#x430;&#x43D;&#x438;&#x44F;) /</subfield>
    <subfield code="c">&#x421;. &#x43F;&#x440;&#x43E;&#x442;. &#x411;&#x443;&#x43B;&#x433;&#x430;&#x43A;&#x43E;&#x432; ; &#x41E;&#x442;&#x432;. &#x437;&#x430; &#x432;&#x44B;&#x43F;&#x443;&#x441;&#x43A; : &#x41D;. &#x410;&#x43D;&#x442;&#x43E;&#x43D;&#x43E;&#x432;&#x430;</subfield>
  </datafield>
  <datafield tag="260" ind1=" " ind2=" ">
    <subfield code="a">&#x41C;&#x43E;&#x441;&#x43A;&#x432;&#x430; :</subfield>
    <subfield code="b">,,&#x41E;&#x442;&#x440;&#x430;&#x434;&#x430; &#x438; &#x443;&#x442;&#x435;&#x448;&#x435;&#x43D;&#x438;&#x435;'',</subfield>
    <subfield code="c">1991.</subfield>
  </datafield>
  <datafield tag="300" ind1=" " ind2=" ">
    <subfield code="a">351 &#x441;. ;</subfield>
    <subfield code="c">22 &#x441;&#x43C;</subfield>
  </datafield>
  <datafield tag="650" ind1=" " ind2=" ">
    <subfield code="a">&#x410;&#x43F;&#x43E;&#x43A;&#x430;&#x43B;&#x438;&#x43F;&#x441;&#x438;&#x441;</subfield>
  </datafield>
  <datafield tag="653" ind1=" " ind2=" ">
    <subfield code="a">&#x54D;&#x537;&#x544;</subfield>
  </datafield>
  <datafield tag="700" ind1=" " ind2=" ">
    <subfield code="a">&#x410;&#x43D;&#x442;&#x43E;&#x43D;&#x43E;&#x432;&#x430;, &#x41D;.</subfield>
    <subfield code="e">&#x43E;&#x442;&#x432;. &#x437;&#x430; &#x432;&#x44B;&#x43F;&#x443;&#x441;&#x43A;</subfield>
  </datafield>
  <datafield tag="942" ind1=" " ind2=" ">
    <subfield code="2">ddc</subfield>
    <subfield code="c">BK</subfield>
  </datafield>
  <datafield tag="999" ind1=" " ind2=" ">
    <subfield code="c">62977</subfield>
    <subfield code="d">62977</subfield>
  </datafield>
  <datafield tag="952" ind1=" " ind2=" ">
    <subfield code="0">0</subfield>
    <subfield code="1">0</subfield>
    <subfield code="2">ddc</subfield>
    <subfield code="4">0</subfield>
    <subfield code="7">0</subfield>
    <subfield code="8">&#x533;&#x580;&#x561;&#x57A;&#x561;&#x570;&#x578;&#x581;</subfield>
    <subfield code="a">SEM</subfield>
    <subfield code="b">SEM</subfield>
    <subfield code="d">2024-04-17</subfield>
    <subfield code="g">1800.00</subfield>
    <subfield code="i">&#x420;&#x443;&#x441;-7560</subfield>
    <subfield code="l">0</subfield>
    <subfield code="o">228/&#x411;-90</subfield>
    <subfield code="p">&#x420;&#x443;&#x441;-7560</subfield>
    <subfield code="r">2024-04-17</subfield>
    <subfield code="w">2024-04-17</subfield>
    <subfield code="y">BK</subfield>
    <subfield code="z">&#x54D;&#x57A;&#x561;&#x57D;&#x561;&#x580;&#x56F;&#x57E;&#x578;&#x582;&#x574; &#x567; &#x568;&#x576;&#x569;&#x565;&#x580;&#x581;&#x561;&#x57D;&#x580;&#x561;&#x570;</subfield>
  </datafield>
</record>
